000 00476nam a2200133 4500
999 _c9036
_d9036
008 180405b ||||| |||| 00| 0 eng d
082 _aDPer 050 Dec 2015-Mar 2016 T48 v186-187
100 _927147
_aCone, Jason.
245 _aHospitals and medical personnel are under attack in Yemen's war/
_cJason Cone.
260 _aNew York:
_bTime Inc.,
_c©Dec 2015-Mar 2016.
300 _av187 n5, page 18:
_billustrations;
_c27 cm.
650 0 _927148
_aTerrorism.
942 _2ddc
_cPER